00529nam a2200157 a 450000100100000000500170001000800410002704000250006808200150009324500550010826000490016330000200021204900090023295201130024199900170035400002930420200930055449.0110414s1979 dr 000 0 spa d aDO-SdBNPbspacBNPHU axxxbR337b01aReglamento de la biblioteca del Banco de Reservas. aSanto Domingo :b[Banco de Reservas],c1979. a10 p. ;c21 cm. aBNPD 0010718PDaPDbPDcCTd2011-04-14iLF1l0oxxx R337bp29304-10r2020-06-25w2020-06-25yLFPDZNo se presta c28796d28796